| 000 | 00472nam a2200133Ia 4500 | ||
|---|---|---|---|
| 005 | 20260209120148.0 | ||
| 008 | 260209s9999||||xx |||||||||||||| ||und|| | ||
| 100 | _aSimarpreet Kaur | ||
| 245 | 0 | _aContemporary issues in the role of governor in India | |
| 260 |
_aBangaloreBangalore _bNLSIU, Bangalore _c2023 |
||
| 300 | _a44 p. ; 25 cm. | ||
| 700 | _aMs. Prerna Dhoop - Supervisor Ms. Prerna Dhoop - Supervisor | ||
| 856 | _uhttps://dans.nls.ac.in/handle/123456789/1224 | ||
| 999 |
_c217618 _d217618 |
||